000 00352nam a2200133 i 4500
001 bg
100 1 _aSIEMIONOW, Wadim
245 0 _aDialektyka rozwoju struktury socjalnej społeczeństwa radzieckiego /
_cWadim Siemionow.
260 _aWarszawa,
_c1980.
040 _cBPK
041 _apol
942 _cKS
008 s pl f |000 0 pol
999 _c21582
_d21582
856 _uhttp://koha.tu.koszalin.pl/cgi-bin/koha/opac-detail.pl?biblionumber=21582
_yKatalog online BPK